<?xml version="1.0" encoding="UTF-8"?>
<record
    xmlns:xsi="http://www.w3.org/2001/XMLSchema-instance"
    xsi:schemaLocation="http://www.loc.gov/MARC21/slim http://www.loc.gov/standards/marcxml/schema/MARC21slim.xsd"
    xmlns="http://www.loc.gov/MARC21/slim">

  <leader>01434nam a22002777a 4500</leader>
  <controlfield tag="005">2009072101311.0</controlfield>
  <controlfield tag="008">090721t        xxu||||| |||| 00| 0 hin d</controlfield>
  <datafield tag="010" ind1=" " ind2=" ">
    <subfield code="a">HIN-87392</subfield>
  </datafield>
  <datafield tag="020" ind1=" " ind2=" ">
    <subfield code="a">8189102710</subfield>
    <subfield code="c">250.00</subfield>
  </datafield>
  <datafield tag="035" ind1=" " ind2=" ">
    <subfield code="a">HN-59738</subfield>
  </datafield>
  <datafield tag="037" ind1=" " ind2=" ">
    <subfield code="b">DBAD / PUB </subfield>
  </datafield>
  <datafield tag="040" ind1=" " ind2=" ">
    <subfield code="a">dpl</subfield>
    <subfield code="b">hn </subfield>
  </datafield>
  <datafield tag="082" ind1=" " ind2=" ">
    <subfield code="a">370.11</subfield>
  </datafield>
  <datafield tag="100" ind1=" " ind2=" ">
    <subfield code="a">&#x936;&#x93E;&#x938;&#x94D;&#x924;&#x94D;&#x930;&#x940;, &#x915;&#x947;.&#x90F;&#x928;. </subfield>
  </datafield>
  <datafield tag="245" ind1=" " ind2=" ">
    <subfield code="a">&#x905;&#x927;&#x94D;&#x92F;&#x93E;&#x92A;&#x915; &#x936;&#x93F;&#x915;&#x94D;&#x937;&#x93E;   /</subfield>
    <subfield code="b">&#x915;&#x947;.&#x90F;&#x928;.&#x936;&#x93E;&#x938;&#x94D;&#x924;&#x94D;&#x930;&#x940; </subfield>
  </datafield>
  <datafield tag="246" ind1=" " ind2=" ">
    <subfield code="a">Adhyaapaka shikshaa </subfield>
    <subfield code="b">by  K.N.Shastri </subfield>
  </datafield>
  <datafield tag="260" ind1=" " ind2=" ">
    <subfield code="a">&#x926;&#x93F;&#x932;&#x94D;&#x932;&#x940;</subfield>
    <subfield code="b">&#x92A;&#x94D;&#x930;&#x947;&#x930;&#x923;&#x93E; &#x92A;&#x94D;&#x930;&#x915;&#x93E;&#x936;&#x928; </subfield>
    <subfield code="c">2009</subfield>
  </datafield>
  <datafield tag="270" ind1=" " ind2=" ">
    <subfield code="a">&#x938;&#x940;-13, &#x930;&#x94B;&#x91C; &#x905;&#x92A;&#x93E;&#x930;&#x94D;&#x91F;&#x92E;&#x947;&#x928;&#x94D;&#x91F;, &#x938;&#x948;&#x915;&#x94D;&#x91F;&#x930;-14 &#x90F;&#x915;&#x94D;&#x938;&#x91F;&#x947;&#x902;&#x936;&#x928;, &#x92A;&#x94D;&#x932;&#x949;&#x91F; &#x928;&#x902;. &#x921;&#x940;-5, &#x930;&#x94B;&#x939;&#x93F;&#x923;&#x940; </subfield>
    <subfield code="b">&#x926;&#x93F;&#x932;&#x94D;&#x932;&#x940;</subfield>
    <subfield code="e">110085 </subfield>
    <subfield code="k">011-23290142, 011-27241050, 9868028838</subfield>
  </datafield>
  <datafield tag="300" ind1=" " ind2=" ">
    <subfield code="a">280&#x92A;&#x943;.</subfield>
    <subfield code="c">22&#x938;&#x947;&#x92E;&#x940; (&#x905;&#x91C;&#x93F;&#x932;&#x94D;&#x926;) </subfield>
  </datafield>
  <datafield tag="650" ind1=" " ind2=" ">
    <subfield code="a">&#x936;&#x93F;&#x915;&#x94D;&#x937;&#x93E; </subfield>
    <subfield code="x">&#x905;&#x927;&#x94D;&#x92F;&#x92F;&#x928; &#x90F;&#x935;&#x902; &#x905;&#x927;&#x94D;&#x92F;&#x93E;&#x92A;&#x928; </subfield>
  </datafield>
  <datafield tag="650" ind1=" " ind2=" ">
    <subfield code="a">Education</subfield>
    <subfield code="x">Study and teaching</subfield>
  </datafield>
  <datafield tag="650" ind1=" " ind2=" ">
    <subfield code="a">&#x905;&#x927;&#x94D;&#x92F;&#x93E;&#x92A;&#x915; </subfield>
    <subfield code="x">&#x92A;&#x94D;&#x930;&#x936;&#x93F;&#x915;&#x94D;&#x937;&#x923; </subfield>
  </datafield>
  <datafield tag="650" ind1=" " ind2=" ">
    <subfield code="a">Teachers</subfield>
    <subfield code="x">Training of</subfield>
  </datafield>
  <datafield tag="942" ind1=" " ind2=" ">
    <subfield code="2">ddc</subfield>
    <subfield code="c">HN</subfield>
    <subfield code="m">&#x936;&#x93E;&#x938;&#x94D;&#x924;&#x94D;&#x930;&#x940;&#x915;&#x947;</subfield>
    <subfield code="h">370.11</subfield>
  </datafield>
  <datafield tag="999" ind1=" " ind2=" ">
    <subfield code="c">28485</subfield>
    <subfield code="d">28485</subfield>
  </datafield>
  <datafield tag="952" ind1=" " ind2=" ">
    <subfield code="0">0</subfield>
    <subfield code="1">0</subfield>
    <subfield code="2">ddc</subfield>
    <subfield code="4">0</subfield>
    <subfield code="7">1</subfield>
    <subfield code="a">DBAD</subfield>
    <subfield code="b">DBAD</subfield>
    <subfield code="d">2009-07-21</subfield>
    <subfield code="e">DBAD / PUB</subfield>
    <subfield code="g">250.00</subfield>
    <subfield code="l">0</subfield>
    <subfield code="o">&#x936;&#x93E;&#x938;&#x94D;&#x924;&#x94D;&#x930;&#x940;&#x915;&#x947;</subfield>
    <subfield code="p">HN-59738</subfield>
    <subfield code="r">2009-07-21 00:00:00</subfield>
    <subfield code="t">1</subfield>
    <subfield code="v">250.00</subfield>
    <subfield code="w">2009-07-21</subfield>
    <subfield code="y">HN</subfield>
  </datafield>
</record>
